| 000 | 00448cam a2200181ua 4500 | ||
|---|---|---|---|
| 020 | _c42.50 | ||
| 041 |
_aeng _h |
||
| 082 |
_a539 _bSTR/PA |
||
| 100 | _aStranathan, J D . | ||
| 245 |
_aParticles of modern physics / _cJ D Stranathan. _hTextual Documents |
||
| 250 |
_a1 / _b. |
||
| 260 |
_aNew York : _bMcGraw Hill Book Company , _c1942. |
||
| 300 | _a583 ; . | ||
| 365 | _a42.50 | ||
| 504 | _a | ||
| 942 | _cBK | ||
| 999 |
_c11052 _d11052 |
||